Politiques agricoles des pays de l'OCDE suivi et évaluation 2002

Guardado en:
Detalles Bibliográficos
Formato: Libro
Lenguaje:francés
Publicado: Paris OECD 2002
Materias:
Etiquetas: Agregar Etiqueta
Sin Etiquetas, Sea el primero en etiquetar este registro!

MARC

LEADER 00000nam a2200000 4500
001 c141609
005 20221124092705.8
020 |a 92-64-29764-2 
041 0 |a fre 
044 |a FR 
245 1 0 |a Politiques agricoles des pays de l'OCDE  |b suivi et évaluation 2002 
264 1 |a Paris  |b OECD  |c 2002 
300 |a 262 s. 
610 2 0 |a poľnohospodárstvo 
610 2 0 |a politika poľnohospodárska 
610 2 0 |a ukazovatele ekonomické 
610 2 0 |a porovnanie medzinárodné 
610 2 0 |a svet 
610 2 0 |a OECD